000 00638nam a2200241 i 4500
001 C2-0218446
003 PPAK
005 20180728110839.0
008 990728s1998 my |||| ||||| | may d
020 _a9830991296
040 _aPPAK
_beng
_cPPAK
_erda
082 0 4 _a640
_2 23
090 0 0 _a640
_bAMI
_dG
100 0 _aAmina Hj. Noor,
_eauthor
245 1 0 _aPetua untuk surirumah
264 1 _aKuala Lumpur :
_bAl-Hidayah Publisher ,
_c1998
300 _axvii, 147 pages ;
_c21 cm
336 _2rdacontent
_atext
337 _2rdamedia
_aunmediated
338 _2rdacarrier
_avolume
650 1 0 _aHome economics
942 _ddc
_cB
999 _c161329
_d161329